000 00454nam a2200157Ia 4500
008 240729s9999 xx 000 0 und d
022 _a2537-5393
245 0 _aResearch and Clinical Medicine
260 _aRomania
260 _bVictor Babes University of Medicine and Pharmacy Timisoara
650 _a Medicine (General)
650 _aMedicine
856 _uhttps://doaj.org/toc/c2af25a4f8eb4d6da155027257cbe8cb
942 _2ddc
942 _cDOAJEJ
999 _c69822
_d69822
945 _a1
_bMadushi Gamage
_c1
_dMadushi Gamage